| 000 | 00000nam##2200000za#4500 |
| 001 | 9.700373 |
| 003 | CaOODSP |
| 005 | 20250506145324 |
| 007 | cr ||||||||||| |
| 008 | 150407|1961||||xxc|||||o f|0| 0 eng|d |
| 040 | |aCaOODSP|beng |
| 043 | |an-cn--- |
| 086 | 1 |aA22-4061/1961E-PDF |
| 110 | 1 |aCanada.|bAgriculture Canada. |
| 245 | 10|aPFRA – The story of conservation on the Prairies |h[electronic resource] |
| 246 | 1 |iAlternate title : |aPFRA – Prairie Farm Rehabilitation Act - What it means to the Prairie Provinces |
| 260 | |aOttawa - Ontario : |bAgriculture Canada |c1961. |
| 300 | |a80p.|billus. |
| 500 | |aHistorical publication digitized by Agriculture and Agri-Food Canada. Cover title. |
| 590 | |a15-03-Supp|b2015-03-13 |
| 690 | 07|aAgricultural policy|2gcpds |
| 856 | 40|ahttp://publications.gc.ca|qPDF|s9443 KB|uhttps://publications.gc.ca/collections/collection_2015/aac-aafc/A22-4061-1961-eng.pdf |
| 986 | |aPublication 1138 |